Hermann Lauscher /

Pubblicato quando Hesse era poco più che ventenne, questo romanzo, il primo del grande scrittore tedesco, organizza già quella rovente materia fatta di estasi, di visioni, di struggente lirismo, di ansia di salvezza ma anche di quella lucida ricerca di identità, al di là delle più immediate suggesti...

全面介紹

Saved in:
書目詳細資料
主要作者: Hesse, Hermann (Author)
其他作者: Finzi Vita, Viviana, Ricci, Francesca (Translator)
格式: 圖書
語言:意大利语
出版: Roma : TEN, 1993
叢編:Centopaginemillelire ; 52
標簽: 添加標簽
沒有標簽, 成為第一個標記此記錄!

MARC

LEADER 00000nam a22000007i 4500
001 IT\ICCU\RAV\0219385
003 ItRI
005 20260115231933.0
008 930617s1993 it |||||| ||||| |||||c
020 |a 8879830570 
040 |b ita  |c importazione bologna sebina 
041 7 |a ita  |2 ISO-639-2 
082 |a 833.912  |9 NARRATIVA TEDESCA. 1900-1945  |2 19 
100 1 |a Hesse, Hermann  |0 IT\ICCU\CFIV\001444  |4 aut 
240 1 0 |a Hermann Lauscher  |3 IT\ICCU\CFI\0185878  |9 Hesse, Hermann 
245 1 0 |a Hermann Lauscher /  |c Hermann Hesse ; nota biobibliografica di Viviana Finzi Vita. 
260 |a Roma :  |b TEN,  |c 1993 
300 |a 97 p. ;  |c 20 cm 
500 |a Traduzione integrale di Francesca Ricci 
520 |a Pubblicato quando Hesse era poco più che ventenne, questo romanzo, il primo del grande scrittore tedesco, organizza già quella rovente materia fatta di estasi, di visioni, di struggente lirismo, di ansia di salvezza ma anche di quella lucida ricerca di identità, al di là delle più immediate suggestioni estetiche, che costituirà poi il tema centrale di tutti i suoi scritti posteriori. Il protagonista, trasparentemente autobiografico, è il prototipo dell'eroe hessiano: romantico, sognatore, proteso alla disperata, struggente ricerca di se stesso. «Libro di confessioni», «documento di una giovinezza bella e profondamente vissuta, ma non facile» , così Hermann Hesse giudicò, alcuni anni dopo averlo scritto, questo suo primo romanzo: «opera eterogenea dove prosa e poesia, saggio filosofico e sfogo lirico, fiaba e racconto realistico si affiancano e si contrappongono». 
700 1 |a Finzi Vita, Viviana  |0 IT\ICCU\RAVV\083821 
700 1 |a Ricci, Francesca  |0 IT\ICCU\CFIV\141728  |4 trl 
830 0 |a Centopaginemillelire ;  |v 52  |0 IT\ICCU\RAV\0196182 
942 |2 ddc  |c BK  |n 0 
952 |0 0  |1 0  |4 0  |6 DOC_833_912000000000000_HES  |7 0  |9 17157  |a BO  |b BO  |d 2026-01-15  |i 10241  |l 0  |o DOC 833.912 HES  |p BO10241  |r 2026-01-15 23:19:33  |w 2026-01-15  |x [Sebina 5] [1 v.]  |y BK  |z 1 v. 
952 |0 0  |1 0  |4 0  |6 DOC_833_912000000000000_HES  |7 0  |9 17158  |a BO  |b BO  |d 2026-01-15  |i 15204  |l 0  |o DOC 833.912 HES  |p BO15204  |r 2026-01-15 23:19:33  |w 2026-01-15  |x [Sebina 5] [1 v.]  |y BK  |z 1 v. (2. copia) 
999 |c 14650  |d 14650